[Event "2015 Edmonton Fall Sectional A"]
[Site "Edmonton"]
[Date "2015.11.08"]
[Round "4"]
[White "Nguyen, Kim"]
[Black "Villavieja, Butch"]
[Result "1/2-1/2"]
[WhiteElo "2096"]
[BlackElo "2172"]
[PlyCount "179"]
[EventDate "2015.11.06"]
[EventType "tourn"]
[EventRounds "5"]
[EventCountry "CAN"]

1. e4 c5 2. Nf3 d6 3. d4 cxd4 4. Nxd4 Nf6 5. Nc3 g6 6. Be2 Bg7 7. Be3 Nc6 8.
Qd2 Ng4 9. Bxg4 Bxg4 10. f3 Bd7 11. O-O-O Ne5 12. b3 Qa5 13. a4 Rc8 14. Nd5
Qxd2+ 15. Rxd2 e6 16. Nb4 O-O 17. Ne2 a5 18. Na2 b5 19. axb5 Bxb5 20. Nec3 Nd3+
21. cxd3 Bxc3 22. Nxc3 Rxc3+ 23. Kb2 Rfc8 24. Bd4 R3c6 25. Ra1 a4 26. bxa4 Rb8
27. a5 Bxd3+ 28. Bb6 Bc4 29. Rad1 d5 30. exd5 exd5 31. Re1 h5 32. Kc3 Rbc8 33.
Kd4 Kg7 34. Rc2 g5 35. Re5 Kg6 36. g3 f6 37. Re7 g4 38. fxg4 hxg4 39. Ke3 Bb5
40. Rxc6 Rxc6 41. Kd4 Bc4 42. Rc7 Re6 43. Rxc4 dxc4 44. Kxc4 Kf7 45. Kb5 Ke8
46. a6 Kd7 47. a7 Re8 48. Bd4 Kc7 49. Bxf6 Kb7 50. Bd4 Re2 51. Kc4 Rxh2 52. Kd3
Rg2 53. Be5 Kxa7 54. Ke4 Kb7 55. Kf5 Kc6 56. Kxg4 Kd5 57. Kf5 Re2 58. Bf4 Rf2
59. Kf6 Ke4 60. Ke6 Ra2 61. Kf6 Ra5 62. Kg6 Kf3 63. Kf6 Kg4 64. Ke6 Kh5 65. Kf6
Rb5 66. Be5 Kg4 67. Bf4 Ra5 68. Ke6 Rf5 69. Kd6 Kf3 70. Ke6 Ke4 71. Kd6 Ra5 72.
Kc6 Kd4 73. Kb6 Rd5 74. Kc6 Kc4 75. Bb8 Rc5+ 76. Kd7 Kd5 77. Bf4 Rc6 78. Ke7
Ra6 79. Kf7 Ke4 80. Ke7 Kf5 81. Kd7 Kf6 82. Bb8 Kf5 83. Bf4 Ke4 84. Ke7 Kd5 85.
Kf7 Ra7+ 86. Kf6 Ke4 87. Kg5 Ra6 88. Bc7 Rc6 89. Bf4 Rc5+ 90. Kf6 1/2-1/2

[Event "2015 Edmonton Fall Sectional A"]
[Site "Edmonton"]
[Date "2015.11.08"]
[Round "4"]
[White "Razzaq, Ali"]
[Black "Briones, Dante"]
[Result "0-1"]
[WhiteElo "2034"]
[BlackElo "1996"]
[PlyCount "80"]
[EventDate "2015.11.06"]
[EventType "tourn"]
[EventRounds "5"]
[EventCountry "CAN"]

1. d4 e6 2. Nf3 Nf6 3. g3 c5 4. c4 b5 5. Bg2 bxc4 6. O-O d5 7. Ne5 Nbd7 8. Qa4
cxd4 9. Bd2 Bc5 10. Nxc4 O-O 11. b4 Be7 12. Na5 Nb6 13. Qc2 Ba6 14. Bf4 Bxb4
15. Nb3 Rc8 16. Qd1 Bc3 17. Nxc3 dxc3 18. Rc1 Qd7 19. Be5 Na4 20. Bf3 Rc4 21.
h4 Rfc8 22. Rc2 Ne4 23. Qd3 Bb5 24. Qe3 f6 25. Bd4 e5 26. Bxa7 f5 27. Bxe4 Rxe4
28. Qg5 Rg4 29. Qe3 Re4 30. Qg5 Qxa7 31. Qxf5 Rf8 32. Qe6+ Qf7 33. Qd6 Rxe2 34.
Rcc1 Rxf2 35. Rxf2 Qxf2+ 36. Kh1 Qf3+ 37. Kh2 Bd3 38. Qe6+ Kh8 39. Qh3 Be4 40.
Kg1 Qe3+ 0-1

[Event "2015 Edmonton Fall Sectional A"]
[Site "Edmonton"]
[Date "2015.11.08"]
[Round "4"]
[White "Tran-Ly, Tristan"]
[Black "Zeggelaar, Mike"]
[Result "1/2-1/2"]
[WhiteElo "2095"]
[BlackElo "2069"]
[PlyCount "76"]
[EventDate "2015.11.06"]
[EventType "tourn"]
[EventRounds "5"]
[EventCountry "CAN"]

1. d4 Nf6 2. c4 c5 3. d5 e6 4. Nc3 exd5 5. cxd5 d6 6. Nf3 g6 7. Bf4 Nh5 8. Bg5
Be7 9. Bh6 Bf6 10. e4 a6 11. a4 Qe7 12. Nd2 Bg7 13. Bxg7 Nxg7 14. Bd3 f5 15.
O-O O-O 16. Re1 Qf6 17. Qc2 Nd7 18. exf5 gxf5 19. Nc4 Ne5 20. Nxe5 dxe5 21. a5
Bd7 22. Na4 Bxa4 23. Rxa4 Rac8 24. Rc4 Qd6 25. b4 Qxd5 26. Rxc5 Rxc5 27. bxc5
Kh8 28. Qc3 Rd8 29. Bf1 e4 30. Qf6 Qd4 31. Qxd4 Rxd4 32. Rb1 Ne6 33. Rxb7 Nxc5
34. Rf7 Rd5 35. h4 Nd3 36. h5 Kg8 37. Rc7 Rxa5 38. h6 Rd5 1/2-1/2

[Event "2015 Edmonton Fall Sectional A"]
[Site "Edmonton"]
[Date "2015.11.08"]
[Round "5"]
[White "Briones, Dante"]
[Black "Nguyen, Kim"]
[Result "1-0"]
[WhiteElo "1996"]
[BlackElo "2096"]
[PlyCount "87"]
[EventDate "2015.11.06"]
[EventType "tourn"]
[EventRounds "5"]
[EventCountry "CAN"]

1. e4 c6 2. d4 d5 3. e5 Bf5 4. g4 Be4 5. f3 Bg6 6. h4 h5 7. Bd3 Bxd3 8. Qxd3 e6
9. Be3 hxg4 10. fxg4 Rxh4 11. Rh3 Rxg4 12. Nf3 Nh6 13. Nbd2 Nd7 14. O-O-O c5
15. dxc5 Nxc5 16. Bxc5 Bxc5 17. Qb5+ Qd7 18. Qxc5 Rc8 19. Qf2 Qa4 20. Nb3 Qxa2
21. Nfd4 Qa4 22. Rf1 Qd7 23. Rg1 Rxg1+ 24. Qxg1 Kf8 25. Qg5 Qe7 26. Qh5 Rc4 27.
c3 a6 28. Kb1 b5 29. Rf3 Rc8 30. Qh3 Kg8 31. Rg3 Kh7 32. Rg2 Re8 33. Nf3 f6 34.
Nbd4 fxe5 35. Nxe6 Qf6 36. Nxg7 Rf8 37. Rg3 Kh8 38. Nxe5 Qf1+ 39. Qxf1 Rxf1+
40. Ka2 Rd1 41. Nc6 Nf7 42. Nf5 Rf1 43. Nce7 Ne5 44. Rh3# 1-0

[Event "2015 Edmonton Fall Sectional A"]
[Site "Edmonton"]
[Date "2015.11.08"]
[Round "5"]
[White "Villavieja, Butch"]
[Black "Tran-Ly, Tristan"]
[Result "1-0"]
[WhiteElo "2172"]
[BlackElo "2095"]
[PlyCount "85"]
[EventDate "2015.11.06"]
[EventType "tourn"]
[EventRounds "5"]
[EventCountry "CAN"]

1. e4 c5 2. Nf3 g6 3. d4 cxd4 4. Nxd4 Nc6 5. Be3 Nf6 6. Nc3 Bg7 7. Qd2 Ng4 8.
Nxc6 bxc6 9. Bd4 Nf6 10. Bc4 d6 11. O-O-O Qa5 12. Kb1 O-O 13. Bb3 Be6 14. Bxf6
Bxf6 15. Nd5 Qxd2 16. Nxf6+ exf6 17. Rxd2 Bxb3 18. axb3 Rad8 19. Rhd1 Rfe8 20.
f3 Re6 21. c4 Kf8 22. Kc2 c5 23. Ra1 Rd7 24. Ra6 Ke7 25. Rd1 Kd8 26. Rda1 Ree7
27. g4 Kc8 28. Rd1 Re6 29. Rc6+ Kd8 30. Rd5 Ke7 31. h4 Re5 32. Kc3 Rxd5 33.
exd5 f5 34. gxf5 gxf5 35. b4 cxb4+ 36. Kxb4 f4 37. Kc3 Kf6 38. Kd4 Kf5 39. b4
Kg6 40. c5 Kh5 41. Rxd6 Rb7 42. Kc4 a5 43. bxa5 1-0

[Event "2015 Edmonton Fall Sectional B"]
[Site "Edmonton"]
[Date "2015.11.06"]
[Round "1"]
[White "McKay, Arnold"]
[Black "Steele, Len C."]
[Result "1-0"]
[WhiteElo "1830"]
[BlackElo "1720"]
[PlyCount "61"]
[EventDate "2015.11.06"]
[EventType "tourn"]
[EventRounds "5"]
[EventCountry "CAN"]

1. e4 d5 2. exd5 Qxd5 3. Nc3 Qd8 4. d4 c6 5. Nf3 Bf5 6. Be2 Nf6 7. O-O e6 8.
Ne5 Bd6 9. f4 h5 10. Be3 Nbd7 11. h3 h4 12. Bd3 g6 13. Qf3 Bxd3 14. Nxd3 Qe7
15. Ne5 Rc8 16. Rad1 Nb6 17. Ne4 Nxe4 18. Qxe4 Qf6 19. c4 Nd7 20. Nxd7 Kxd7 21.
d5 exd5 22. cxd5 c5 23. Qa4+ Kc7 24. b4 Qc3 25. Bd2 Qd4+ 26. Kh1 c4 27. Rf3 Qb6
28. b5 Kb8 29. Rc3 Rhd8 30. Rf3 Rc5 31. Be3 1-0

[Event "2015 Edmonton Fall Sectional B"]
[Site "Edmonton"]
[Date "2015.11.06"]
[Round "1"]
[White "Pedersen, Rick"]
[Black "Kadavil, Suresh"]
[Result "1-0"]
[WhiteElo "1851"]
[BlackElo "1725"]
[PlyCount "75"]
[EventDate "2015.11.06"]
[EventType "tourn"]
[EventRounds "5"]
[EventCountry "CAN"]

1. e4 b6 2. d4 Bb7 3. Nc3 e6 4. Bd3 Nf6 5. f3 d5 6. Be3 dxe4 7. fxe4 Bb4 8. Qf3
Nc6 9. Nge2 Be7 10. O-O Nb4 11. Bb5+ c6 12. Ba4 O-O 13. a3 Na6 14. Rad1 Qc8 15.
Bb3 Nc7 16. Qg3 Kh8 17. Bf4 Nce8 18. Qh3 a5 19. Bg3 b5 20. d5 cxd5 21. exd5 b4
22. axb4 axb4 23. d6 Nxd6 24. Bxd6 Bxd6 25. Rxd6 Qc5+ 26. Rd4 bxc3 27. Qxc3 Qa7
28. Kh1 Ne4 29. Qe3 Nf6 30. Qg5 Ne4 31. Qh4 g5 32. Qh5 Qa1 33. Qf3 Qxb2 34. Qe3
Nc5 35. Qe5+ f6 36. Qxc5 e5 37. Rd7 Ba6 38. Qe7 1-0

[Event "2015 Edmonton Fall Sectional B"]
[Site "Edmonton"]
[Date "2015.11.06"]
[Round "1"]
[White "Young, Joseph"]
[Black "Nechio, Douglas"]
[Result "0-1"]
[WhiteElo "1801"]
[BlackElo "1911"]
[PlyCount "60"]
[EventDate "2015.11.06"]
[EventType "tourn"]
[EventRounds "5"]
[EventCountry "CAN"]

1. e4 c5 2. Nc3 g6 3. f4 Bg7 4. Nf3 e6 5. Be2 d5 6. e5 Ne7 7. O-O O-O 8. d3 f6
9. Qe1 Nbc6 10. exf6 Bxf6 11. Qg3 Nf5 12. Qh3 Nfd4 13. Nxd4 Nxd4 14. Bg4 b5 15.
Rf2 h5 16. Bd1 e5 17. g4 exf4 18. Rxf4 b4 19. Na4 Ne6 20. Rf1 Qe8 21. c3 Bd7
22. b3 bxc3 23. Rb1 Nd4 24. Nxc3 Qe6 25. Na4 Ne2+ 26. Kh1 Bc6 27. d4 Bxd4 28.
Rxf8+ Rxf8 29. Bc2 Bf2 30. Kg2 hxg4 0-1

[Event "2015 Edmonton Fall Sectional B"]
[Site "Edmonton"]
[Date "2015.11.07"]
[Round "2"]
[White "Kadavil, Suresh"]
[Black "Young, Joseph"]
[Result "1-0"]
[WhiteElo "1725"]
[BlackElo "1801"]
[PlyCount "75"]
[EventDate "2015.11.06"]
[EventType "tourn"]
[EventRounds "5"]
[EventCountry "CAN"]

1. b3 e5 2. Bb2 Nc6 3. e3 d5 4. Bb5 Bd6 5. Nf3 Bg4 6. h3 Bxf3 7. Qxf3 Nf6 8.
Nc3 a6 9. Bf1 e4 10. Qe2 Qe7 11. g4 h6 12. h4 Ne5 13. O-O-O c5 14. Bh3 g5 15.
hxg5 hxg5 16. d4 exd3 17. cxd3 Ng6 18. Nxd5 Nxd5 19. Bxh8 Nxh8 20. Bg2 Nf4 21.
Qf3 Nfg6 22. Rh7 O-O-O 23. d4 Re8 24. Qf5+ Kc7 25. dxc5 Bxc5 26. Bxb7 Ba3+ 27.
Kb1 Rd8 28. Qa5+ Kxb7 29. Qxd8 Qe4+ 30. Qd3 Qxg4 31. Qd7+ Qxd7 32. Rxd7+ Kc6
33. Rd8 Be7 34. Rdxh8 Nxh8 35. Rxh8 Kd5 36. f3 a5 37. Kc2 Kc5 38. Rh7 1-0

[Event "2015 Edmonton Fall Sectional B"]
[Site "Edmonton"]
[Date "2015.11.07"]
[Round "2"]
[White "McKay, Arnold"]
[Black "Pedersen, Rick"]
[Result "1-0"]
[WhiteElo "1830"]
[BlackElo "1851"]
[PlyCount "45"]
[EventDate "2015.11.06"]
[EventType "tourn"]
[EventRounds "5"]
[EventCountry "CAN"]

1. d4 Nf6 2. c4 d6 3. Nc3 g6 4. e4 Bg7 5. f3 O-O 6. Be3 Nc6 7. Qd2 e5 8. Nge2
Re8 9. d5 Ne7 10. Ng3 Nd7 11. Bd3 Rf8 12. Bh6 f5 13. Bxg7 Kxg7 14. exf5 Nxf5
15. Nxf5+ gxf5 16. O-O-O a5 17. g4 fxg4 18. fxg4 Nc5 19. Bc2 Qh4 20. h3 Rf2 21.
Qe1 Bd7 22. Rd2 Raf8 23. Nd1 1-0

[Event "2015 Edmonton Fall Sectional B"]
[Site "Edmonton"]
[Date "2015.11.07"]
[Round "2"]
[White "Steele, Len C."]
[Black "Nechio, Douglas"]
[Result "1/2-1/2"]
[WhiteElo "1720"]
[BlackElo "1911"]
[PlyCount "105"]
[EventDate "2015.11.06"]
[EventType "tourn"]
[EventRounds "5"]
[EventCountry "CAN"]

1. Nf3 c5 2. c4 g6 3. Nc3 Nc6 4. g3 Bg7 5. Bg2 d6 6. d3 Rb8 7. Bd2 a6 8. Rb1 b5
9. b3 b4 10. Na4 Nd4 11. Nxd4 Bxd4 12. O-O h5 13. h4 Bg4 14. Be3 Qc8 15. Qd2
Bxe3 16. Qxe3 Nh6 17. Qd2 Bh3 18. d4 cxd4 19. Qxd4 O-O 20. Rfd1 Qe6 21. Rd2
Bxg2 22. Kxg2 Nf5 23. Qd3 Qf6 24. Qf3 Qg7 25. Rbd1 e5 26. e3 Rfe8 27. c5 dxc5
28. Nxc5 a5 29. Ne4 Rb6 30. Rd8 Rbe6 31. Nd6 Nxd6 32. R1xd6 e4 33. Qf4 Kh7 34.
Rxe8 Rxe8 35. Rd5 Ra8 36. Qxe4 f5 37. Rxf5 gxf5 38. Qxa8 Qe5 39. Qa7+ Kg6 40.
Qb6+ Kf7 41. Qb7+ Ke6 42. Qc6+ Ke7 43. Qc4 Ke8 44. Qd4 Qe6 45. Kf3 Qc6+ 46. Ke2
Qc2+ 47. Qd2 Qc6 48. Qd3 Qc5 49. f3 Qe5 50. f4 Qb2+ 51. Qd2 Qb1 52. e4 fxe4 53.
Ke3 1/2-1/2

[Event "2015 Edmonton Fall Sectional B"]
[Site "Edmonton"]
[Date "2015.11.07"]
[Round "3"]
[White "Nechio, Douglas"]
[Black "Kadavil, Suresh"]
[Result "1-0"]
[WhiteElo "1911"]
[BlackElo "1725"]
[PlyCount "65"]
[EventDate "2015.11.06"]
[EventType "tourn"]
[EventRounds "5"]
[EventCountry "CAN"]

1. e4 b6 2. d3 Bb7 3. Nf3 e6 4. g3 Nf6 5. Bg2 Be7 6. Qe2 d6 7. O-O h5 8. h4 Ng4
9. Re1 Nd7 10. a4 a5 11. d4 f6 12. e5 dxe5 13. Nxe5 Bxg2 14. Ng6 e5 15. Nxh8
Bb7 16. f3 Nh6 17. Bxh6 gxh6 18. f4 Nf8 19. Qxh5+ Kd7 20. dxe5 Kc8 21. Rd1 Bc5+
22. Kh2 Qe7 23. Qf5+ Kb8 24. Qxf6 Qxf6 25. exf6 Ka7 26. Nc3 Ne6 27. Nb5+ Ka6
28. f5 Rxh8 29. fxe6 Rg8 30. Nxc7+ Ka7 31. e7 Bf2 32. Rd3 Bc6 33. f7 1-0

[Event "2015 Edmonton Fall Sectional B"]
[Site "Edmonton"]
[Date "2015.11.07"]
[Round "3"]
[White "Pedersen, Rick"]
[Black "Steele, Len C."]
[Result "0-1"]
[WhiteElo "1851"]
[BlackElo "1720"]
[PlyCount "96"]
[EventDate "2015.11.06"]
[EventType "tourn"]
[EventRounds "5"]
[EventCountry "CAN"]

1. e4 d5 2. e5 c5 3. c3 e6 4. d4 b6 5. Nf3 Qd7 6. Be3 Ba6 7. Bxa6 Nxa6 8. Qe2
Nc7 9. O-O c4 10. Nbd2 Ne7 11. Nh4 g6 12. b3 b5 13. f4 Bg7 14. g4 f5 15. gxf5
exf5 16. Ng2 Qc6 17. bxc4 bxc4 18. Bf2 Ne6 19. Bh4 Nc8 20. Ne3 Nb6 21. Qg2 Bh6
22. Bg3 Rd8 23. Qh3 Bf8 24. Bh4 Be7 25. Bxe7 Kxe7 26. Qh4+ Kd7 27. Nf3 Na4 28.
Rfc1 Rb8 29. Ng5 h6 30. Nf7 g5 31. fxg5 hxg5 32. Qf2 Rh3 33. Nd6 Nf4 34. Nd1
Rxc3 35. Nxc3 Nh3+ 36. Kf1 Nxf2 37. Kxf2 Rb2+ 38. Kg1 Nxc3 39. Rxc3 Qa4 40.
Nxf5 Rxa2 41. Rb1 Ra1 42. Rcc1 Rxb1 43. Rxb1 Qc6 44. Nd6 c3 45. Rf1 c2 46. Rf7+
Kd8 47. Rf8+ Kc7 48. Rc8+ Kb6 0-1

[Event "2015 Edmonton Fall Sectional B"]
[Site "Edmonton"]
[Date "2015.11.07"]
[Round "3"]
[White "Young, Joseph"]
[Black "McKay, Arnold"]
[Result "1/2-1/2"]
[WhiteElo "1801"]
[BlackElo "1830"]
[PlyCount "60"]
[EventDate "2015.11.06"]
[EventType "tourn"]
[EventRounds "5"]
[EventCountry "CAN"]

1. d4 Nf6 2. Nf3 e6 3. Bf4 d5 4. e3 Be7 5. Bd3 Nbd7 6. Nbd2 c5 7. c3 c4 8. Bc2
O-O 9. Ne5 Ne8 10. Qh5 f5 11. h4 Nef6 12. Qe2 Ne4 13. h5 Nxe5 14. dxe5 Bg5 15.
O-O-O Bxf4 16. exf4 Qb6 17. Nxe4 fxe4 18. Rh4 Qc7 19. Qe3 Bd7 20. g4 Qa5 21.
Kb1 Ba4 22. a3 Bxc2+ 23. Kxc2 Rac8 24. g5 Rc5 25. g6 h6 26. f3 Qa4+ 27. Kc1
exf3 28. Qxf3 Rf5 29. Rh2 Qb3 30. Rc2 b6 1/2-1/2

[Event "2015 Edmonton Fall Sectional B"]
[Site "Edmonton"]
[Date "2015.11.08"]
[Round "4"]
[White "McKay, Arnold"]
[Black "Nechio, Douglas"]
[Result "0-1"]
[WhiteElo "1830"]
[BlackElo "1911"]
[PlyCount "132"]
[EventDate "2015.11.06"]
[EventType "tourn"]
[EventRounds "5"]
[EventCountry "CAN"]

1. d4 Nf6 2. c4 g6 3. Nc3 d6 4. e4 Bg7 5. f3 O-O 6. Be3 e5 7. Nge2 exd4 8. Nxd4
Nc6 9. Qd2 Nxd4 10. Bxd4 a5 11. a4 Nd7 12. Bxg7 Kxg7 13. h4 h5 14. Be2 Nc5 15.
Ra3 f5 16. Qd4+ Qf6 17. Qxf6+ Rxf6 18. Rf1 Be6 19. Nd5 Rf7 20. exf5 Bxd5 21.
fxg6 Re7 22. cxd5 Rae8 23. Rf2 Re5 24. f4 Rxd5 25. Rff3 Kxg6 26. Rac3 Rd4 27.
b3 Rde4 28. Rf2 Re3 29. f5+ Kf6 30. Rxe3 Rxe3 31. Rf3 Re4 32. g3 d5 33. Kd2 Rg4
34. Ke1 Ne4 35. Rd3 Rxg3 36. Rxd5 Rg1+ 37. Bf1 Ng3 38. Kf2 Rxf1+ 39. Kxg3 Rxf5
40. Rd3 Rc5 41. Kf3 Ke5 42. Re3+ Kd4 43. Kf4 Rc3 44. Re4+ Kd3 45. Re5 b6 46.
Rb5 Rc5 47. Rxc5 bxc5 48. Kg5 Kc3 49. Kxh5 Kxb3 50. Kg6 c4 51. h5 c3 52. h6 c2
53. h7 c1=Q 54. h8=Q Qc2+ 55. Kg5 Qc5+ 56. Kf4 Qc4+ 57. Kf5 Kxa4 58. Qa1+ Kb5
59. Qb2+ Qb4 60. Qe2+ Kb6 61. Qe6+ c6 62. Qc8 Qc5+ 63. Ke4 Qc2+ 64. Kd4 c5+ 65.
Kd5 Qd3+ 66. Ke5 Qd4+ 0-1

[Event "2015 Edmonton Fall Sectional B"]
[Site "Edmonton"]
[Date "2015.11.08"]
[Round "4"]
[White "Pedersen, Rick"]
[Black "Young, Joseph"]
[Result "1-0"]
[WhiteElo "1851"]
[BlackElo "1801"]
[PlyCount "85"]
[EventDate "2015.11.06"]
[EventType "tourn"]
[EventRounds "5"]
[EventCountry "CAN"]

1. e4 g6 2. d4 Bg7 3. f4 d5 4. e5 c5 5. c3 cxd4 6. cxd4 Nh6 7. Nc3 O-O 8. Nf3
e6 9. Bd3 a6 10. O-O Nc6 11. a3 b5 12. h3 Qb6 13. Be3 f5 14. exf6 Bxf6 15. Ne2
Bb7 16. Qd2 Rad8 17. Rac1 Na5 18. Rc3 Nf5 19. Bf2 Nc4 20. Qc1 Be7 21. b3 Nxa3
22. Ne5 Bd6 23. Bxf5 exf5 24. Bh4 Bxe5 25. fxe5 Rd7 26. Qxa3 b4 27. Qa4 Rdf7
28. Rc5 g5 29. Be1 f4 30. Qxb4 Qe6 31. Qd2 f3 32. Ng3 g4 33. Nh5 Qg6 34. Nf6+
Kh8 35. hxg4 fxg2 36. Qxg2 h5 37. g5 Qd3 38. Qd2 Qg6 39. Bh4 Bc8 40. Rfc1 Rxf6
41. exf6 Bh3 42. Qf4 Qd3 43. R5c3 1-0

[Event "2015 Edmonton Fall Sectional B"]
[Site "Edmonton"]
[Date "2015.11.08"]
[Round "4"]
[White "Steele, Len C."]
[Black "Kadavil, Suresh"]
[Result "1-0"]
[WhiteElo "1720"]
[BlackElo "1725"]
[PlyCount "111"]
[EventDate "2015.11.06"]
[EventType "tourn"]
[EventRounds "5"]
[EventCountry "CAN"]

1. Nf3 b6 2. d4 e6 3. Bf4 Bb7 4. e3 Nf6 5. h3 Ne4 6. Bd3 Na6 7. Qe2 Nb8 8. Nbd2
Nxd2 9. Qxd2 Nc6 10. c3 Be7 11. Qc2 h6 12. e4 d5 13. exd5 exd5 14. O-O-O Bc8
15. Rde1 Be6 16. Bb5 Bd7 17. g4 a6 18. Bd3 Be6 19. Rhg1 g5 20. Be5 Nxe5 21.
Nxe5 Qd6 22. Re2 b5 23. Rge1 O-O-O 24. Nxf7 Bxf7 25. Rxe7 Rhf8 26. Bf5+ Kb7 27.
R1e5 Rde8 28. Qe2 Rxe7 29. Rxe7 Bg6 30. Re5 Bxf5 31. gxf5 Rf6 32. Qf3 c6 33. a3
a5 34. b4 a4 35. Kd2 Kc7 36. Ke3 Qf8 37. Qg4 Qf7 38. f4 gxf4+ 39. Kxf4 Kd6 40.
Qe2 Qd7 41. Qh5 Qf7 42. Qxf7 Rxf7 43. Kg4 Rf6 44. Kh5 Kd7 45. h4 Kd8 46. Kg4
Kd7 47. Kf4 Kd6 48. Re3 Kd7 49. Ke5 Ke7 50. Rg3 Kf7 51. h5 Ke7 52. Rg6 Rxg6 53.
fxg6 Ke8 54. Kd6 Kf8 55. Kxc6 Kg7 56. Kxd5 1-0

[Event "2015 Edmonton Fall Sectional B"]
[Site "Edmonton"]
[Date "2015.11.08"]
[Round "5"]
[White "Kadavil, Suresh"]
[Black "McKay, Arnold"]
[Result "1/2-1/2"]
[WhiteElo "1725"]
[BlackElo "1830"]
[PlyCount "116"]
[EventDate "2015.11.06"]
[EventType "tourn"]
[EventRounds "5"]
[EventCountry "CAN"]

1. b3 d5 2. Bb2 c5 3. e3 Nc6 4. Nf3 Nf6 5. Bb5 Bd7 6. Be2 Qc7 7. Na3 a6 8. c4
dxc4 9. Nxc4 Nd5 10. Nce5 Bf5 11. Bc4 e6 12. Nxc6 Qxc6 13. Ne5 Qc7 14. g4 Bg6
15. h4 f6 16. Nxg6 hxg6 17. Qc2 Rh6 18. O-O-O O-O-O 19. g5 fxg5 20. hxg5 Rxh1
21. Rxh1 Qc6 22. Rh8 b5 23. Be2 Nb4 24. Qxg6 Nxa2+ 25. Kb1 Nb4 26. d4 Qd5 27.
Bd1 cxd4 28. exd4 Nc6 29. Qf7 Qf5+ 30. Qxf5 exf5 31. Bh5 Be7 32. Rxd8+ Nxd8 33.
g6 Bf6 34. d5 Bxb2 35. Kxb2 b4 36. Kc2 Kc7 37. Kd3 Kd6 38. Kd4 Nb7 39. Be2 Nc5
40. Bc4 a5 41. f4 Ne4 42. Bd3 Nd2 43. Bc2 Nf3+ 44. Kc4 Nh4 45. Kb5 Kxd5 46.
Kxa5 Ke6 47. Kxb4 Nxg6 48. Kc5 Nxf4 49. b4 Kd7 50. Bxf5+ Kc7 51. b5 g5 52. b6+
Kb8 53. Kc6 Ng2 54. b7 Ne3 55. Be4 g4 56. Kc5 g3 57. Kd4 g2 58. Bxg2 Nxg2
1/2-1/2

[Event "2015 Edmonton Fall Sectional B"]
[Site "Edmonton"]
[Date "2015.11.08"]
[Round "5"]
[White "Nechio, Douglas"]
[Black "Pedersen, Rick"]
[Result "0-1"]
[WhiteElo "1911"]
[BlackElo "1851"]
[PlyCount "90"]
[EventDate "2015.11.06"]
[EventType "tourn"]
[EventRounds "5"]
[EventCountry "CAN"]

1. e4 d6 2. Nf3 Nf6 3. d3 g6 4. g3 Bg7 5. Bg2 O-O 6. O-O c5 7. Qe2 Nc6 8. c3
Bg4 9. h3 Bd7 10. d4 cxd4 11. cxd4 Rc8 12. e5 Nd5 13. a3 Qa5 14. Rd1 Ncb4 15.
Nc3 Rxc3 16. Bd2 Rc2 17. axb4 Qb6 18. Qe4 Qc6 19. b5 Qc4 20. Bf1 Qb3 21. Ra3
Qxb2 22. Rxa7 Nc3 23. Bxc3 Qxc3 24. Qxb7 Bc8 25. Qe4 dxe5 26. Nxe5 Bxe5 27.
dxe5 Qc5 28. Qd4 Qxd4 29. Rxd4 Rc1 30. g4 Be6 31. Kg2 Rc5 32. b6 Rb8 33. b7 Kg7
34. Rb4 Bd5+ 35. Kg3 Rc3+ 36. Kh2 Rc2 37. Kg3 Rc3+ 38. Kh4 f6 39. exf6+ exf6
40. g5 fxg5+ 41. Kxg5 h6+ 42. Kf4 Kf6 43. Rb6+ Bc6 44. Bg2 g5+ 45. Kg4 h5+ 0-1

[Event "2015 Edmonton Fall Sectional B"]
[Site "Edmonton"]
[Date "2015.11.08"]
[Round "5"]
[White "Young, Joseph"]
[Black "Steele, Len C."]
[Result "1/2-1/2"]
[WhiteElo "1801"]
[BlackElo "1720"]
[PlyCount "34"]
[EventDate "2015.11.06"]
[EventType "tourn"]
[EventRounds "5"]
[EventCountry "CAN"]

1. d4 d5 2. Nc3 Nf6 3. Bf4 c6 4. e3 Bf5 5. Bd3 Bg6 6. Bxg6 hxg6 7. Nf3 e6 8.
Qd3 Bd6 9. Ne5 Bxe5 10. dxe5 Nh5 11. O-O-O Nxf4 12. exf4 Nd7 13. g3 Qc7 14. h4
O-O-O 15. Kb1 Kb8 16. g4 Rh6 17. Ka1 Rdh8 1/2-1/2

[Event "2016 Edmonton Championship"]
[Site "Edmonton"]
[Date "2016.01.07"]
[Round "1.1"]
[White "Efemuai, Martins"]
[Black "Villavieja, Butch"]
[Result "1/2-1/2"]
[WhiteElo "2146"]
[BlackElo "2151"]
[PlyCount "48"]
[EventDate "2016.01.07"]
[EventType "k.o."]
[EventRounds "4"]
[EventCountry "CAN"]

1. Nf3 Nf6 2. c4 e6 3. g3 b6 4. Bg2 Bb7 5. O-O Be7 6. Nc3 O-O 7. d4 d5 8. Bf4
c6 9. Ne5 Nbd7 10. Qa4 Nxe5 11. dxe5 Nd7 12. Rad1 g5 13. cxd5 exd5 14. Bc1 Nxe5
15. e4 b5 16. Qd4 Bf6 17. Bxg5 Bxg5 18. Qxe5 Re8 19. Qd4 Bf6 20. Qc5 Be7 21.
Qe3 Bf6 22. Qf3 d4 23. Ne2 c5 24. Qg4+ Kh8 {the scoresheets are difficult to
read after this, but eventually...} 1/2-1/2

[Event "2016 Edmonton Championship"]
[Site "Edmonton"]
[Date "2016.01.07"]
[Round "1.1"]
[White "Kohestani, Rauf"]
[Black "Banerjee, Bitan"]
[Result "0-1"]
[WhiteElo "1944"]
[BlackElo "2327"]
[PlyCount "74"]
[EventDate "2016.01.07"]
[EventType "k.o."]
[EventRounds "4"]
[EventCountry "CAN"]

1. d4 Nf6 2. Nf3 g6 3. g3 Bg7 4. Bg2 O-O 5. O-O d6 6. Re1 Nbd7 7. e4 e5 8. c3
b6 9. a4 Bb7 10. Qc2 Re8 11. Nh4 a6 12. Nd2 Rc8 13. Nf1 exd4 14. cxd4 c5 15. d5
Nxd5 16. Bd2 Nb4 17. Qb3 Nc6 18. Bc3 Nd4 19. Qd1 Ne5 20. f4 Nec6 21. Ne3 b5 22.
axb5 axb5 23. Ng4 b4 24. Bd2 h5 25. Nf2 Bf6 26. Bh3 Ra8 27. Rxa8 Qxa8 28. Ng2
Na5 29. g4 Nc4 30. Bc1 Bxe4 31. Rxe4 Rxe4 32. b3 Re2 33. bxc4 Qf3 34. Qf1 Rc2
35. Be3 Ne2+ 36. Kh1 Bd4 37. Bxd4 Nxd4 0-1

[Event "2016 Edmonton Championship"]
[Site "Edmonton"]
[Date "2016.01.07"]
[Round "1.1"]
[White "Miller, David"]
[Black "Hughey, Micah"]
[Result "1-0"]
[WhiteElo "2239"]
[BlackElo "2121"]
[PlyCount "45"]
[EventDate "2016.01.07"]
[EventType "k.o."]
[EventRounds "4"]
[EventCountry "CAN"]

1. g3 e5 2. Bg2 d5 3. Nf3 e4 4. Nd4 c5 5. Nb3 f5 6. d3 Nc6 7. O-O Be6 8. dxe4
fxe4 9. Nc3 Nf6 10. Bg5 Be7 11. Bxf6 gxf6 12. e3 Qd7 13. Qh5+ Bf7 14. Qh6 O-O-O
15. Rad1 Qe8 16. f3 exf3 17. Bxf3 Nb4 18. Rf2 Kb8 19. a3 Nxc2 20. Rxc2 d4 21.
Na5 dxc3 22. Qf4+ Kc8 23. Bxb7# 1-0

[Event "2016 Edmonton Championship"]
[Site "Edmonton"]
[Date "2016.01.07"]
[Round "1.1"]
[White "Pechenkin, Vladimir"]
[Black "Young, Joseph"]
[Result "1-0"]
[WhiteElo "2371"]
[BlackElo "1872"]
[PlyCount "63"]
[EventDate "2016.01.07"]
[EventType "k.o."]
[EventRounds "4"]
[EventCountry "CAN"]

1. c4 e5 2. g3 f5 3. d4 e4 4. Nc3 Bb4 5. Qb3 Nc6 6. d5 Nd4 7. Qd1 c5 8. e3 Qf6
9. Bd2 Nf3+ 10. Nxf3 exf3 11. Qxf3 Nh6 12. Bg2 d6 13. Qh5+ Nf7 14. f4 O-O 15.
O-O g6 16. Qe2 Bd7 17. Rae1 a6 18. a3 Ba5 19. Ne4 fxe4 20. Bxa5 b5 21. Bxe4
bxc4 22. Bc3 Qe7 23. Bg2 Ba4 24. e4 Rae8 25. Rf2 Bb3 26. h4 Qd7 27. Kh2 Nh6 28.
Bh3 Qf7 29. Qd2 Qe7 30. Be6+ Nf7 31. f5 Qd8 32. Qh6 1-0